2023 NBA All-Star Team - Statistics

General Stats
  • This quiz has been taken 17 times
    16 since last reset
  • The average score is 24 of 27
Answer Stats
Team Position Player % Correct
Miami Heat C Bam Adebayo
100%
Portland Trail Blazers G Damian Lillard
100%
Cleveland Cavaliers G Donovan Mitchell
100%
Milwaukee Bucks F Giannis Antetokounmpo
100%
Boston Celtics G Jaylen Brown
100%
Boston Celtics F Jayson Tatum
100%
Philadelphia 76ers C Joel Embiid*
100%
Brooklyn Nets F Kevin Durant*
100%
Brooklyn Nets G Kyrie Irving
100%
Indiana Pacers G Tyrese Haliburton
100%
Chicago Bulls G DeMar DeRozan
93%
Sacramento Kings C Domantas Sabonis
93%
Memphis Grizzlies G Ja Morant*
93%
Memphis Grizzlies F Jaren Jackson Jr.
93%
Los Angeles Lakers F LeBron James
93%
Dallas Mavericks G Luka Dončić
93%
Denver Nuggets C Nikola Jokić
93%
Los Angeles Clippers F Paul George
93%
Oklahoma City Thunder G Shai Gilgeous-Alexander
93%
Golden State Warriors G Stephen Curry*
93%
Minnesota Timberwolves G Anthony Edwards*
87%
New York Knicks F Julius Randle
87%
Sacramento Kings G De'Aaron Fox*
80%
Utah Jazz F Lauri Markkanen*
80%
Toronto Raptors F Pascal Siakam*
80%
Milwaukee Bucks G Jrue Holiday
73%
New Orleans Pelicans F Zion Williamson*
13%
No matching quizzes found
Score Distribution
Percent of People with Each Score
Percentile by Number Answered
Your Score History
You have not taken this quiz since the last reset